LIBRARY & INFORMATION CENTRE, KCAET, TAVANUR

ONLINE PUBLIC ACCESS CATALOGUE (OPAC)

Fundamentals of surveying / (Record no. 10406)

MARC details
000 -LEADER
fixed length control field 00406cam a2200157ua 4500
003 - CONTROL NUMBER IDENTIFIER
control field OSt
008 - FIXED-LENGTH DATA ELEMENTS--GENERAL INFORMATION
fixed length control field 250506b |||||||| |||| 00| 0 eng d
020 ## - INTERNATIONAL STANDARD BOOK NUMBER
ISBN 9788120341982
082 ## - DEWEY DECIMAL CLASSIFICATION NUMBER
Classification number 624.1517
Item number ROY/FU
100 ## - MAIN ENTRY--AUTHOR NAME
Personal name Roy, S K .
245 ## - TITLE STATEMENT
Title Fundamentals of surveying /
250 ## - EDITION STATEMENT
Edition statement 2
260 ## - PUBLICATION, DISTRIBUTION, ETC. (IMPRINT)
Place of publication New Jersey :
-- New Delhi :
Name of publisher Prentice Hall Inc ,
Year of publication 1999.
-- 2012
300 ## - PHYSICAL DESCRIPTION
Number of Pages 606 ; .
942 ## - ADDED ENTRY ELEMENTS (KOHA)
Koha item type Books
Holdings
Withdrawn status Lost status Damaged status Home library Current library Date acquired Full call number Accession Number Koha item type Collection code Shelving location Source of acquisition Cost, normal purchase price
      KAUAET KAUAET 07/04/2012 624.1517 ROY/FU 20621 Books        
      KAUAET KAUAET 30/03/2013 624.1517 ROY/FU 24048 Books Non-fiction General Stacks Aman Book Stall, Calicut 375.00
free website counter